Порівняльний аналіз німецьких та англійських запозичень ХХ століття в мові-реципієнті. (Запис № 282543)

МАРК-запис
000 -LEADER
fixed length control field 01734nam a22001577a 4500
041 ## - LANGUAGE CODE
Language code of text/sound track or separate title ukr
080 ## - UNIVERSAL DECIMAL CLASSIFICATION NUMBER
Universal Decimal Classification number 09
090 ## - LOCALLY ASSIGNED LC-TYPE CALL NUMBER (OCLC); LOCAL CALL NUMBER (OCLC)
Local cutter number (OCLC) ; Book number/undivided call number, CALL (RLIN) КОС
100 ## - MAIN ENTRY--PERSONAL NAME
Personal name Косік Ю. А.
245 ## - TITLE STATEMENT
Title Порівняльний аналіз німецьких та англійських запозичень ХХ століття в мові-реципієнті.
260 ## - PUBLICATION, DISTRIBUTION, ETC. (IMPRINT)
Place of publication, distribution, etc Острог
Name of publisher, distributor, etc КАФ
Date of publication, distribution, etc 2004
300 ## - PHYSICAL DESCRIPTION
Extent 58
520 ## - SUMMARY, ETC.
Summary, etc Розділ 1.Запозичення як джерело поповнення словникового складу мови.<br/>1.1.Особливості процесів взаємодії англійської та німецької мов.<br/>1.2.Діахронічна характеристика англійських запозичень у сучасній німецькій мові.<br/>1.3.Історія німецьких запозичень в англійській мові(американський варіант).<br/>Розділ 2.Порівняльний аналіз особливостей асиміляції англійських та німецьких запозичень.<br/>2.1.Особливості фонетичної, орфографічної та морфологічної адаптації запозичень у мовах-реципієнтах.<br/>2.2.Семантична специфіка запозичених лексичних одиниць.<br/>2.3.Словотвірний потенціал запозиченої лексики як показник її пристосованості до системи мови-реципієнта.
-- запозичення,асиміляція,морфологічна, адаптація
650 ## - SUBJECT ADDED ENTRY--TOPICAL TERM
Topical term or geographic name as entry element Research Papers
942 ## - ADDED ENTRY ELEMENTS (KOHA)
Koha item type Книги
Фонди
Withdrawn status Lost status Source of classification or shelving scheme Damaged status Not for loan Home library Current library Date acquired Source of acquisition Coded location qualifier Cost, normal purchase price Total Checkouts Full call number Barcode Date last seen Price effective from Koha item type
    Universal Decimal Classification     ВІЛ - Відділ іноземн. літератури НБ ВІЛ - Відділ іноземн. літератури НБ 08/08/2005 Акт В31 1.00   09 210105 20/12/2021 16/12/2004 Книги